000
00304nam a22001337a 4500
008
170923b xxu||||| |||| 00| 0 eng d
020
_a
9780312256791
041
_a
eng
080
_a
37
100
_a
46
101
_a
EDU
245
_a
THE ST.MARTIN'S GUIDE TO WRITING
_c
AXELROD, R.B
942
_2
udc
_c
BK
999
_c
29317
_d
29317